000 00752nam a2200289Ia 4500
005 20260324121151.0
008 008 260324s9999 xx 000 0 eng d
020 _a9781315735771
037 _aEBOOK
040 _aCRL
040 _beng
040 _cCRL
041 _2eng
041 _aeng
084 _qCRL
100 _aMantz Yorke; Clare Milsom; Martyn Stewart; Elena Zaitseva
_91161454
245 0 _aStepping up to the Second Year at University
245 0 _bAcademic, psychological and social dimensions
260 _bTaylor and Francis
260 _c2014
365 _a
365 _b230
856 _uhttp://www.taylorfrancis.com/books/9781315735771
942 _cEBOOK
999 _c1753387
_d1753387